| 000 | 00727nam a22002297a 4500 | ||
|---|---|---|---|
| 003 | OSt | ||
| 005 | 20250709064230.0 | ||
| 008 | 250709b |||||||| |||| 00| 0 eng d | ||
| 020 | _a9789719654179 | ||
| 040 |
_aDWCL - Main lib _cOC |
||
| 082 | _aFil. 005.1 P123p 2016 | ||
| 100 | _aPadre, Nilo M. | ||
| 245 |
_aProgramming concepts : _b logic formulation/ _cNilo M. Padre |
||
| 260 |
_aManila : _bUnlimited Books, _cc2016. |
||
| 300 |
_ax, 346 pages : _b illustrations ; _c 26 cm. |
||
| 504 | _aIncludes bibliographical references. | ||
| 650 | _a1. Computer programming. | ||
| 650 | _a2. Computer. | ||
| 700 | _aManuel E. Rosario | ||
| 700 | _aWilfredo N. De Castro | ||
| 942 |
_2ddc _cBK - FIL _eFirst edition. _kFil. _n0 |
||
| 999 |
_c3537 _d3537 |
||